000 01176nam a2200241Ia 4500
999 _c47200
_d47200
001 14060
003 GE_BSU
005 20241029162545.0
008 181216s1971||||ge |||||||||||||| ||geo||
040 _cGE_BSU
041 _ageo
080 _a821.111-31 თ-43
100 _aთეკერეი, უილიამ
_912653
245 _aამაოების ბაზარი :
_bწ.2 /
_cუილიამ თეკერეი ; თარგმ. ალექსანდრე გამყრელიძისა ; მხატვ. : ლადო გრიგოლია.
264 _aთბილისი :
_bსაბჭოთა საქართველო,
_c1971.
300 _a511 გვ. ;
_c21 სმ.
490 _aმსოფლიო ლიტერატურის ბიბლიოთეკა.1-ლი სერია
_vტ.14
541 _h10ლ.
653 _aამაოების ბაზარი. წ.2
700 _aგამყრელიძე, ალექსანდრე
_eმთარგმნელი
_912654
700 _aგრიგოლია, ლადო
_eმხატვარი
_916464
942 _cBK
_2udc